| 000 | 00586nam a2200133 4500 | ||
|---|---|---|---|
| 008 | 240309b |||||||| |||| 00| 0 eng d | ||
| 082 |
_a305.4 _bSRI |
||
| 110 | _aSri Lanka, state Ministry of women and child development, pre-schools and primary education, school infrastructure and education services | ||
| 245 |
_aWomen, peace and security: _bSri Lanka's national action plan for the implementation of the UN security council's resolutions on women, peace and security 2022-2026- draft document |
||
| 300 | _a74 p. | ||
| 650 | _aWOMEN AND PEACE | ||
| 650 | _aWomen and war | ||
| 942 | _cRP | ||
| 999 |
_c4846 _d4846 |
||